Introduction to Graph Theory (Record no. 8470)

MARC details
000 -LEADER
fixed length control field 00340nam a22001217a 4500
008 - FIXED-LENGTH DATA ELEMENTS--GENERAL INFORMATION
fixed length control field 200219b ||||| |||| 00| 0 eng d
020 ## - INTERNATIONAL STANDARD BOOK NUMBER
International Standard Book Number 9780070616080
082 ## -
Classification number 511.5 CHI
100 ## - MAIN ENTRY--PERSONAL NAME
Personal name CHARTRAND,Garyand & Zhang, Ping
245 ## - TITLE STATEMENT
Title Introduction to Graph Theory
Medium English
250 ## - EDITION STATEMENT
Edition statement 13th
Remainder of edition statement 2017
260 ## - PUBLICATION, DISTRIBUTION, ETC. (IMPRINT)
Place of publication, distribution, etc New Delhi
Name of publisher, distributor, etc McGraw Hill Education
Holdings
Withdrawn status Lost status Source of classification or shelving scheme Damaged status Koha normalized classification for sorting Not for loan Koha collection Location (home branch) Sublocation or collection (holding branch) Date acquired Source of acquisition Currency Cost, normal purchase price Bill Number Koha issues (times borrowed) Koha full call number Piece designation (barcode) Koha date last seen Copy number Actual Cost, discounted price Bill Date Koha item type
    Dewey Decimal Classification   511_500000000000000_CHI   B.Tech(CSE) PIET C-LIBRARY PIET C-LIBRARY 19/02/2020 KIRTI PRAKASHAN NEW DELHI IN Rupees 875.00 IN5960   511.5 CHI 31646 19/02/2020 1 595.00 03/01/2020 Reference Books

Design & Developed by: PIET Central Library
R70 Miles Stone Pattikalyana Samalkha Panipat 132102
mail ID :- [email protected], Phone No:- 0180-2569700 Ex.216